Geboren in Hagen - Statistiken

Allgemein
  • Dieses Quiz wurde 47 mal gespielt
  • Das Durchschnittsergebnis liegt bei 2 aus 6
Antwortstatistiken
Hinweis Antwort % Korrekt
Sängerin, "99 Luftballons" "Irgendwie, irgendwo, irgendwann" "Nur geträumt" 1960 Nena
100%
Sängerin von "Ideal" und "Ich+Ich" 1950 Annette Humpe
37%
Sängerin von Bands wie "2raumwohnung" "Humpe & Humpe" oder "Neonbabies" 1956 Inga Humpe
37%
ghanaischer Fußballnationalspieler, VfL Bochum 1994 Christopher Antwi-Adjei
12%
Fernsehmoderator, "Sat.1-Frühstücksfernsehen" "The Biggest Loser" "ran" 1979 Matthias Killing
7%
Industrieller und Politiker, "Vater des Ruhrgebiets" 1793 Friedrich Harkort
5%
Keine übereinstimmenden Quizze gefunden
Verteilung der Resultate
Anzahl Personen mit jedem Resultat
Perzentil nach korrekt beantworteten Fragen
Ihre Resultats-Entwicklung
Sie haben dieses Quiz noch nicht gespielt